Understanding media psychology / (Record no. 51223)
[ view plain ]
| 000 -LEADER | |
|---|---|
| fixed length control field | 00617nam a2200229Ia 4500 |
| 005 - DATE AND TIME OF LATEST TRANSACTION | |
| control field | 20260429111854.0 |
| 008 - FIXED-LENGTH DATA ELEMENTS--GENERAL INFORMATION | |
| fixed length control field | 260429s9999||||xx |||||||||||||| ||und|| |
| 020 ## - INTERNATIONAL STANDARD BOOK NUMBER | |
| International Standard Book Number | 9781032791067 |
| 041 ## - LANGUAGE CODE | |
| Language | English |
| 082 ## - DEWEY DECIMAL CLASSIFICATION NUMBER | |
| Classification number | 302.23019 |
| Item number | GAY |
| 100 ## - MAIN ENTRY--PERSONAL NAME | |
| Personal name | Gayle, S. Stever |
| 245 #0 - TITLE STATEMENT | |
| Title | Understanding media psychology / |
| Statement of responsibility, etc | S. Stever Gayle |
| 250 ## - EDITION STATEMENT | |
| Edition statement | 2nd ed. |
| 260 ## - PUBLICATION, DISTRIBUTION, ETC. (IMPRINT) | |
| Place of publication, distribution, etc | United States : |
| Name of publisher, distributor, etc | Routledge, |
| Date of publication, distribution, etc | 2026. |
| 300 ## - PHYSICAL DESCRIPTION | |
| Extent | xiv, 407 p.; pbk |
| 650 ## - SUBJECT ADDED ENTRY--TOPICAL TERM | |
| Topical term or geographic name as entry element | Media psychology |
| 650 ## - SUBJECT ADDED ENTRY--TOPICAL TERM | |
| Topical term or geographic name as entry element | Social interaction |
| 700 ## - ADDED ENTRY--PERSONAL NAME | |
| Personal name | Cohen, J. David |
| 700 ## - ADDED ENTRY--PERSONAL NAME | |
| Personal name | Giles, David C. |
| 700 ## - ADDED ENTRY--PERSONAL NAME | |
| Personal name | Myers, Mary E. |
| 942 ## - ADDED ENTRY ELEMENTS (KOHA) | |
| Koha item type | Text Books |
| Withdrawn status | Lost status | Damaged status | Not for loan | Collection code | Home library | Location | Shelving location | Date of Cataloging | Source of acquisition | Total Checkouts | Full call number | Barcode | Date last seen | Price effective from | Koha item type |
|---|---|---|---|---|---|---|---|---|---|---|---|---|---|---|---|
| Non-fiction | CUTN Central Library | CUTN Central Library | Social Sciences | 29/04/2026 | Prashant Book Agency, New Delhi - Invoice No. 537 on 09-02-2026 | 302.23019 GAY | 56081 | 29/04/2026 | 29/04/2026 | Text Books |
